[Event "LIII C.to Italiano"]
[Site "Filettino ITA"]
[Date "1994.01.17"]
[Round "5"]
[White "Rossi, Carlo"]
[Black "Godena, Michele"]
[Result "1/2-1/2"]
[WhiteElo "2345"]
[BlackElo "2480"]
[PlyCount "21"]
[EventDate "1994.01.13"]

1. Nf3 Nf6 2. g3 d5 3. Bg2 g6 4. b3 Bg7 5. Bb2 O-O 6. O-O c6 7. c4 Bg4 8. d3
Qc8 9. Nc3 Bh3 10. Rc1 Bxg2 11. Kxg2 1/2-1/2

[Event "LIII C.to Italiano"]
[Site "Filettino ITA"]
[Date "1994.01.18"]
[Round "6"]
[White "Arlandi, Ennio"]
[Black "Rossi, Carlo"]
[Result "1-0"]
[WhiteElo "2430"]
[BlackElo "2345"]
[PlyCount "82"]
[EventDate "1994.01.13"]

1. d4 f5 2. g3 Nf6 3. Bg2 g6 4. c3 Bg7 5. Nd2 d5 6. Nh3 Nc6 7. Nf3 Nh5 8. Nf4
Nxf4 9. gxf4 Qd6 10. Ne5 Be6 11. Be3 Nxe5 12. fxe5 Qa6 13. Qd2 O-O-O 14. h4 h6
15. a3 Kb8 16. O-O-O Ka8 17. Rdg1 Bf7 18. f4 g5 19. fxg5 f4 20. Bxf4 hxg5 21.
hxg5 Rxh1 22. Rxh1 Bg6 23. Kd1 c5 24. e3 cxd4 25. exd4 Qa4+ 26. Ke1 Rf8 27. Rh4
Qc4 28. Kf2 a6 29. Kg3 Qa2 30. Rh1 Qc4 31. Bf1 Qb3 32. Rh2 Qb6 33. Bd3 Qe6 34.
Bxg6 Qxg6 35. Qc2 Qf7 36. Rh4 e6 37. g6 Qg8 38. Qe2 Rf5 39. Rh5 Bxe5 40. Rxf5
Qxg6+ 41. Kf3 exf5 1-0

[Event "LIII C.to Italiano"]
[Site "Filettino ITA"]
[Date "1994.01.18"]
[Round "6"]
[White "Borgo, Giulio"]
[Black "Belotti, Bruno"]
[Result "1/2-1/2"]
[WhiteElo "2350"]
[BlackElo "2420"]
[PlyCount "111"]
[EventDate "1994.01.13"]

1. e4 c5 2. Nf3 d6 3. d4 cxd4 4. Nxd4 Nf6 5. Nc3 a6 6. Bc4 e6 7. Bb3 Nbd7 8.
O-O Nc5 9. f4 Nfxe4 10. Nxe4 Nxe4 11. f5 e5 12. Qe2 Nf6 13. g4 h6 14. Nf3 Qc7
15. g5 hxg5 16. Nxg5 d5 17. Bf4 Bd6 18. Rae1 Rh5 19. Nf3 e4 20. Bxd6 Qxd6 21.
Nd4 Qe5 22. c3 Bd7 23. Qf2 O-O-O 24. Qf4 Qxf4 25. Rxf4 Bb5 26. Bd1 Rh6 27. Rf2
Bd3 28. Re3 Rdh8 29. Rg3 Ne8 30. Bb3 Bc4 31. Ba4 Bxa2 32. Bxe8 Rxe8 33. b3 Bb1
34. Rxg7 Rf6 35. Re2 e3 36. Rg3 Bxf5 37. Nxf5 Rxf5 38. Rexe3 Rxe3 39. Rxe3 Kd7
40. Kg2 a5 41. h4 b5 42. Rd3 Ke6 43. Rd1 Rf4 44. Rh1 a4 45. bxa4 Rxa4 46. Rh3
d4 47. cxd4 Rxd4 48. h5 Rg4+ 49. Kf3 Ra4 50. Rh1 Kd5 51. h6 Ra8 52. Kf4 Rh8 53.
h7 b4 54. Kf5 b3 55. Kf6 Kc4 56. Kxf7 1/2-1/2

[Event "LIII C.to Italiano"]
[Site "Filettino ITA"]
[Date "1994.01.18"]
[Round "6"]
[White "Godena, Michele"]
[Black "Marinelli, Tullio"]
[Result "1-0"]
[WhiteElo "2480"]
[BlackElo "2370"]
[PlyCount "81"]
[EventDate "1994.01.13"]

1. e4 c5 2. c3 Nf6 3. e5 Nd5 4. d4 cxd4 5. Nf3 e6 6. cxd4 d6 7. Bc4 Nb6 8. Bd3
Bd7 9. Nc3 Bc6 10. O-O Bxf3 11. Qxf3 d5 12. Be3 Nc6 13. Rad1 Qd7 14. Qh3 O-O-O
15. f4 Bb4 16. f5 Bxc3 17. bxc3 Na4 18. Rc1 Nb2 19. Be2 Nc4 20. Bg5 Rde8 21.
Rf2 h6 22. Bh4 Nd8 23. Bxc4 dxc4 24. Rcf1 a6 25. fxe6 fxe6 26. Bxd8 Kxd8 27.
Rf7 Re7 28. Qh4 g5 29. Qh5 Rh7 30. Rxh7 Rxh7 31. Qg6 Qe7 32. Rf6 Kd7 33. Rxe6
Qxe6 34. Qxh7+ Kc8 35. Qe4 Qb6 36. h3 Qb2 37. e6 Qc1+ 38. Kh2 Qf4+ 39. Qxf4
gxf4 40. Kg1 b5 41. Kf2 1-0

[Event "LIII C.to Italiano"]
[Site "Filettino ITA"]
[Date "1994.01.18"]
[Round "6"]
[White "Mantovani, Renzo"]
[Black "Curione, Francesco"]
[Result "1-0"]
[WhiteElo "2360"]
[BlackElo "2195"]
[PlyCount "77"]
[EventDate "1994.01.13"]

1. e4 c5 2. Nf3 Nc6 3. Nc3 e5 4. Bc4 d6 5. d3 Be7 6. O-O Be6 7. Nd5 h6 8. Ne1
Bxd5 9. Bxd5 Nf6 10. Bb3 Nd4 11. f4 Nxb3 12. axb3 O-O 13. fxe5 dxe5 14. Be3 Qd7
15. Kh1 Rfd8 16. Qe2 Qe6 17. Nf3 Nd7 18. Qf2 b6 19. Qg3 a5 20. Bd2 Rac8 21. Bc3
Bf6 22. Nd2 Nb8 23. Nc4 Re8 24. Rf5 Nd7 25. Raf1 Kh7 26. Ne3 g6 27. R5f3 Rf8
28. Qf2 Kg7 29. Qg3 Kh7 30. Qg4 h5 31. Qxe6 fxe6 32. Nc4 Kg7 33. h3 Ra8 34. g4
hxg4 35. hxg4 Rh8+ 36. Kg2 g5 37. Nxb6 Nxb6 38. Rxf6 Raf8 39. Bxe5 1-0

[Event "LIII C.to Italiano"]
[Site "Filettino ITA"]
[Date "1994.01.18"]
[Round "6"]
[White "Passerotti, Pierluigi"]
[Black "Contin, Daniel"]
[Result "0-1"]
[WhiteElo "2330"]
[BlackElo "2420"]
[PlyCount "71"]
[EventDate "1994.01.13"]

1. d4 Nf6 2. c4 e6 3. Nf3 Bb4+ 4. Nbd2 b6 5. a3 Bxd2+ 6. Qxd2 Bb7 7. e3 Ne4 8.
Qc2 O-O 9. b3 f5 10. Bb2 c5 11. Bd3 d6 12. O-O Nd7 13. Nd2 Nxd2 14. Qxd2 Qg5
15. f3 cxd4 16. Bxd4 e5 17. Bc3 Nc5 18. Bc2 Rad8 19. b4 Ne6 20. Bb3 f4 21. Rae1
fxe3 22. Rxe3 Nf4 23. Ree1 Kh8 24. Kh1 Qh5 25. Re3 Rf5 26. Bc2 Rg5 27. Rf2 b5
28. Be4 Bxe4 29. Rxe4 bxc4 30. Rxc4 d5 31. g3 Qg6 32. Rf1 Qa6 33. gxf4 Qxc4 34.
Rd1 exf4 35. Re1 Kg8 36. Be5 0-1

[Event "LIII C.to Italiano"]
[Site "Filettino ITA"]
[Date "1994.01.19"]
[Round "7"]
[White "Belotti, Bruno"]
[Black "Mantovani, Renzo"]
[Result "1/2-1/2"]
[WhiteElo "2420"]
[BlackElo "2360"]
[PlyCount "29"]
[EventDate "1994.01.13"]

1. d4 Nf6 2. c4 e6 3. Nf3 d5 4. Nc3 Be7 5. Bg5 O-O 6. cxd5 exd5 7. e3 c6 8. Bd3
Nbd7 9. Qc2 Re8 10. O-O Nf8 11. Bxf6 Bxf6 12. b4 a6 13. Na4 Be7 14. Rab1 Bd6
15. h3 1/2-1/2

[Event "LIII C.to Italiano"]
[Site "Filettino ITA"]
[Date "1994.01.19"]
[Round "7"]
[White "Contin, Daniel"]
[Black "Borgo, Giulio"]
[Result "1-0"]
[WhiteElo "2420"]
[BlackElo "2350"]
[PlyCount "81"]
[EventDate "1994.01.13"]

1. c4 Nf6 2. Nc3 c5 3. g3 d5 4. cxd5 Nxd5 5. Bg2 Nb4 6. d3 e5 7. Be3 N4c6 8.
Nf3 f6 9. Qa4 Qd7 10. Rc1 b6 11. O-O Bb7 12. Rfd1 Nd8 13. Qc4 Nbc6 14. a3 Rc8
15. Qa4 Be7 16. b4 Nd4 17. Qxd7+ Kxd7 18. Bxd4 cxd4 19. Bh3+ Ne6 20. Nb5 Bxf3
21. exf3 a6 22. Bxe6+ Kxe6 23. Nc7+ Kd7 24. Nxa6 Rxc1 25. Rxc1 Rc8 26. Rxc8
Kxc8 27. a4 b5 28. axb5 Kb7 29. Nc5+ Kb6 30. Ne6 Kxb5 31. Nxg7 Kxb4 32. Kf1 Kc3
33. Ke2 Bf8 34. Nf5 h6 35. g4 Kc2 36. Ng3 Be7 37. f4 exf4 38. Nf5 Bc5 39. f3
Kc3 40. Nxh6 Bd6 41. h4 1-0

[Event "LIII C.to Italiano"]
[Site "Filettino ITA"]
[Date "1994.01.19"]
[Round "7"]
[White "Curione, Francesco"]
[Black "Godena, Michele"]
[Result "0-1"]
[WhiteElo "2195"]
[BlackElo "2480"]
[PlyCount "98"]
[EventDate "1994.01.13"]

1. e4 c5 2. Nf3 Nc6 3. Bb5 d6 4. O-O Bd7 5. c3 Nf6 6. Re1 a6 7. Bxc6 Bxc6 8. e5
dxe5 9. Nxe5 Qd5 10. Nxc6 Qxc6 11. Na3 e6 12. Nc4 Rd8 13. Ne5 Qc7 14. Qa4+ Nd7
15. d4 Bd6 16. Nxd7 Qxd7 17. Qxd7+ Kxd7 18. dxc5 Bxc5 19. Bf4 Kc6 20. Rad1 b5
21. Kf1 a5 22. Ke2 a4 23. Be3 Bxe3 24. Kxe3 Rxd1 25. Rxd1 Rb8 26. Rd4 e5 27.
Rb4 Kc5 28. a3 Rd8 29. f4 exf4+ 30. Rxf4 f6 31. Rh4 h6 32. Rb4 Rd1 33. h4 g5
34. hxg5 fxg5 35. Kf3 h5 36. c4 Rd3+ 37. Ke2 bxc4 38. Rxa4 Rb3 39. Ra5+ Kd4 40.
Rxg5 Rxb2+ 41. Kd1 h4 42. Kc1 Kc3 43. Rf5 Rc2+ 44. Kb1 Rxg2 45. Rh5 Kb3 46. Kc1
Rg1+ 47. Kd2 c3+ 48. Kd3 Rd1+ 49. Ke2 c2 0-1

[Event "LIII C.to Italiano"]
[Site "Filettino ITA"]
[Date "1994.01.19"]
[Round "7"]
[White "Lucaroni, Massimiliano"]
[Black "Passerotti, Pierluigi"]
[Result "1-0"]
[WhiteElo "2290"]
[BlackElo "2330"]
[PlyCount "54"]
[EventDate "1994.01.13"]

1. e4 e5 2. Bc4 Nf6 3. d3 c6 4. Nf3 Be7 5. O-O d6 6. Bb3 Nbd7 7. c3 O-O 8. Re1
a5 9. a4 Nc5 10. Bc2 Ne6 11. Nbd2 Nd7 12. Nc4 Qc7 13. Ne3 Rd8 14. d4 Nb6 15.
Nf5 Bf8 16. b3 c5 17. Be3 Nf4 18. Qc1 cxd4 19. cxd4 Bxf5 20. exf5 Nbd5 21. Be4
Rac8 22. Qxc7 Rxc7 23. dxe5 dxe5 24. Rad1 Rcd7 25. Nxe5 Rd6 26. Bc5 Nc3 27.
Bxd6 27... Bxd6 {...} 1-0

[Event "LIII C.to Italiano"]
[Site "Filettino ITA"]
[Date "1994.01.19"]
[Round "7"]
[White "Marinelli, Tullio"]
[Black "Arlandi, Ennio"]
[Result "1-0"]
[WhiteElo "2370"]
[BlackElo "2430"]
[PlyCount "113"]
[EventDate "1994.01.13"]

1. d4 d5 2. c4 e6 3. Nc3 Be7 4. Nf3 Nf6 5. Bg5 O-O 6. e3 h6 7. Bh4 b6 8. cxd5
Nxd5 9. Bxe7 Qxe7 10. Nxd5 exd5 11. Qb3 Be6 12. Rc1 Rc8 13. Be2 a5 14. O-O a4
15. Qc3 c5 16. Qa3 Qa7 17. dxc5 bxc5 18. Ne5 Qb6 19. f4 Nd7 20. Nxd7 Bxd7 21.
Bf3 Rab8 22. Bxd5 Qxb2 23. Qxb2 Rxb2 24. Rf2 Rxf2 25. Kxf2 Kf8 26. e4 f6 27.
Ke3 Ke7 28. Rb1 g5 29. g3 Rc7 30. Kd3 f5 31. e5 gxf4 32. gxf4 Be6 33. Bxe6 Kxe6
34. Rb6+ Ke7 35. Rxh6 Rd7+ 36. Ke3 Rd1 37. Ra6 Rh1 38. Rxa4 Rxh2 39. Kd3 Rf2
40. Ra7+ Ke6 41. Ra6+ Ke7 42. Ke3 Rc2 43. Rf6 Rc3+ 44. Kd2 Ra3 45. Rxf5 Ke6 46.
Rf8 Kd5 47. Rd8+ Ke4 48. e6 Rxa2+ 49. Kc3 Ra7 50. Rf8 Kd5 51. f5 Kd6 52. Kc4
Ra4+ 53. Kd3 Ke7 54. Rf7+ Ke8 55. Ke3 c4 56. Kd4 c3+ 57. Kxc3 1-0

[Event "LIII C.to Italiano"]
[Site "Filettino ITA"]
[Date "1994.01.19"]
[Round "7"]
[White "Rossi, Carlo"]
[Black "Redo, Nicola"]
[Result "1/2-1/2"]
[WhiteElo "2345"]
[BlackElo "2210"]
[PlyCount "143"]
[EventDate "1994.01.13"]

1. e4 c5 2. Nf3 d6 3. c3 Nf6 4. Qc2 g6 5. d4 Bg7 6. dxc5 dxc5 7. Bc4 O-O 8. O-O
Nc6 9. h3 Qc7 10. Re1 Na5 11. Bf1 e5 12. Nbd2 Be6 13. Qb1 c4 14. b4 cxb3 15.
axb3 h6 16. Bb2 Rfe8 17. c4 Nc6 18. b4 Nd7 19. Bc3 a5 20. bxa5 Nxa5 21. Qb5 Nc6
22. Reb1 Rxa1 23. Bxa1 Rb8 24. Nb3 b6 25. Bc3 Nc5 26. Nbd2 Bd7 27. Ra1 Nd4 28.
Qb1 Nxf3+ 29. Nxf3 Bc6 30. Nd2 Na4 31. Bb4 Bf8 32. Bxf8 Rxf8 33. Qb4 Nc5 34.
Rb1 Rb8 35. f3 Qd6 36. Qc3 Ne6 37. Nb3 Ba4 38. Nc1 Nc5 39. Ra1 Rd8 40. Nd3 Nxd3
41. Bxd3 Bc6 42. Bf1 Qc5+ 43. Kh2 Rd6 44. Qb2 Kh7 45. Qa3 Qxa3 46. Rxa3 Bd7 47.
Bd3 Be6 48. Kg3 Kg7 49. Kf2 Kf6 50. Ke3 Rc6 51. Ra4 Ke7 52. h4 h5 53. g3 Kd6
54. Rb4 Kc7 55. Ra4 Kd6 56. f4 f6 57. Rb4 Kc5 58. Rb5+ Kd6 59. f5 gxf5 60. exf5
Bf7 61. Be4 Rxc4 62. Rxb6+ Ke7 63. Rb7+ Ke8 64. Rb8+ Ke7 65. Rh8 Be8 66. Bf3
Rc3+ 67. Kf2 Rc2+ 68. Kg1 Rc3 69. Kg2 Rc2+ 70. Kg1 Rc3 71. Kf2 Rc2+ 72. Ke1
1/2-1/2

[Event "LIII C.to Italiano"]
[Site "Filettino ITA"]
[Date "1994.01.20"]
[Round "8"]
[White "Arlandi, Ennio"]
[Black "Curione, Francesco"]
[Result "0-1"]
[WhiteElo "2430"]
[BlackElo "2195"]
[PlyCount "108"]
[EventDate "1994.01.13"]

1. d4 Nf6 2. c4 g6 3. Nc3 Bg7 4. e4 d6 5. Nf3 O-O 6. Be2 e5 7. Be3 Ng4 8. Bg5
f6 9. Bh4 Nc6 10. d5 Ne7 11. Nd2 f5 12. Bxg4 fxg4 13. Bg5 Rf4 14. g3 Rf7 15.
Be3 c5 16. Rb1 Kh8 17. a3 Ng8 18. b4 b6 19. Qe2 Bh6 20. Rb2 Bxe3 21. Qxe3 Kg7
22. bxc5 bxc5 23. O-O h6 24. f4 gxf3 25. Rxf3 Nf6 26. Qd3 Bg4 27. Rf2 Qd7 28.
Nf1 Raf8 29. Ne3 Bh3 30. Ncd1 Qa4 31. Rb1 Qa5 32. Qc3 Qc7 33. Qc2 Qd7 34. Rb3
Qa4 35. Nc3 Qd7 36. Ncd1 h5 37. Qb1 Ng4 38. Nxg4 Bxg4 39. Rxf7+ Rxf7 40. Nf2
Bf3 41. h4 Be2 42. Qc2 Bg4 43. Qb2 Qc7 44. Kg2 Qc8 45. Rb8 Qa6 46. Qb3 Bf3+ 47.
Kh2 Be2 48. Nh3 Qa5 49. Nf4 Qd2 50. Ne6+ Kf6 51. Qb2 Qe1 52. Nf4 Bf3 53. Ng2
Bxe4 54. Rd8 Bxg2 0-1

[Event "LIII C.to Italiano"]
[Site "Filettino ITA"]
[Date "1994.01.20"]
[Round "8"]
[White "Borgo, Giulio"]
[Black "Lucaroni, Massimiliano"]
[Result "1/2-1/2"]
[WhiteElo "2350"]
[BlackElo "2290"]
[PlyCount "40"]
[EventDate "1994.01.13"]

1. e4 e5 2. Nf3 Nc6 3. Bb5 Bb4 4. O-O Nge7 5. d4 exd4 6. Nxd4 O-O 7. c4 d6 8.
Bxc6 Nxc6 9. Nxc6 bxc6 10. Be3 Qf6 11. Qc2 Re8 12. Nd2 Bxd2 13. Bxd2 Qg6 14. f3
f5 15. Rae1 fxe4 16. fxe4 c5 17. Rf3 Bb7 18. Rfe3 Re5 19. Rg3 Bxe4 20. Qc1
20... Qf5 {...} 1/2-1/2

[Event "LIII C.to Italiano"]
[Site "Filettino ITA"]
[Date "1994.01.20"]
[Round "8"]
[White "Godena, Michele"]
[Black "Belotti, Bruno"]
[Result "1/2-1/2"]
[WhiteElo "2480"]
[BlackElo "2420"]
[PlyCount "102"]
[EventDate "1994.01.13"]

1. c4 e5 2. Nc3 d6 3. g3 f5 4. d4 Be7 5. Bg2 Nf6 6. dxe5 dxe5 7. Qxd8+ Bxd8 8.
b3 c6 9. Nf3 Nbd7 10. O-O e4 11. Nd4 Ne5 12. Ba3 Bd7 13. Rad1 Be7 14. Bxe7 Kxe7
15. f3 exf3 16. exf3 Kf7 17. f4 Neg4 18. Rd3 Rhe8 19. Nf3 Rad8 20. h3 Nh6 21.
Ne5+ Ke7 22. Re1 Kf8 23. Red1 Ke7 24. Re1 Kf8 25. Red1 Ke7 26. Ne2 Nf7 27. Nxd7
Rxd7 28. Nd4 Nh6 29. Bf3 Red8 30. Bxc6 Rxd4 31. Rxd4 Rxd4 32. Rxd4 bxc6 33. c5
Ne4 34. Ra4 Nxc5 35. Rxa7+ Nd7 36. a4 Ng8 37. a5 Ngf6 38. a6 Kd8 39. Rb7 Kc8
40. Rb4 Nd5 41. Ra4 Kb8 42. a7+ Ka8 43. Ra2 N7b6 44. Kf2 Nc8 45. Kf3 h5 46. g4
hxg4+ 47. hxg4 g6 48. Kg3 Nxa7 49. Kh4 Nxf4 50. gxf5 gxf5 51. Kg5 Nd5 1/2-1/2

[Event "LIII C.to Italiano"]
[Site "Filettino ITA"]
[Date "1994.01.20"]
[Round "8"]
[White "Mantovani, Renzo"]
[Black "Contin, Daniel"]
[Result "1-0"]
[WhiteElo "2360"]
[BlackElo "2420"]
[PlyCount "71"]
[EventDate "1994.01.13"]

1. d4 Nf6 2. Nf3 e6 3. c4 b6 4. g3 Ba6 5. Nbd2 Bb7 6. Bg2 Be7 7. O-O O-O 8. Qc2
d5 9. cxd5 Bxd5 10. e4 Bb7 11. e5 Nd5 12. a3 c5 13. dxc5 Nd7 14. Ne4 Qc7 15.
Bg5 h6 16. Bxe7 Nxe7 17. Rfe1 bxc5 18. Rac1 Bxe4 19. Rxe4 Rfc8 20. Rc4 Qb6 21.
Rd1 Nd5 22. b4 a5 23. bxc5 Rxc5 24. Rxc5 Nxc5 25. Rb1 Qa7 26. Nd4 Nd7 27. Nc6
Qa6 28. Bxd5 exd5 29. Ne7+ Kh8 30. Nxd5 Nxe5 31. Qe4 Rd8 32. Qxe5 Qd3 33. Rb8
Rxb8 34. Qxb8+ Kh7 35. Ne7 Qb1+ 36. Qxb1+ 1-0

[Event "LIII C.to Italiano"]
[Site "Filettino ITA"]
[Date "1994.01.20"]
[Round "8"]
[White "Redo, Nicola"]
[Black "Passerotti, Pierluigi"]
[Result "1/2-1/2"]
[WhiteElo "2210"]
[BlackElo "2330"]
[PlyCount "83"]
[EventDate "1994.01.13"]

1. Nf3 Nf6 2. g3 d5 3. Bg2 c5 4. O-O Nc6 5. d4 e6 6. c4 dxc4 7. Qa4 Bd7 8. Qxc4
cxd4 9. Nxd4 Rc8 10. Nxc6 Bxc6 11. Bxc6+ Rxc6 12. Qa4 Bc5 13. Nc3 O-O 14. Bg5
Qd4 15. Rad1 Qxa4 16. Nxa4 Be7 17. Rc1 Ra6 18. Nc3 h6 19. Bd2 Rd8 20. Rfd1 Nd5
21. a3 Bf6 22. Be1 Rc6 23. e4 Nxc3 24. Rxd8+ Bxd8 25. Rxc3 Rd6 26. Rc8 Kh7 27.
Bc3 Rd1+ 28. Kg2 Bb6 29. Rb8 Rd7 30. Kf3 Kg6 31. Ke2 h5 32. h3 f5 33. exf5+
exf5 34. Re8 Kf7 35. Rh8 Kg6 36. Re8 Kf7 37. Re5 g6 38. f3 a6 39. g4 hxg4 40.
hxg4 fxg4 41. fxg4 Bd4 42. Bxd4 1/2-1/2

[Event "LIII C.to Italiano"]
[Site "Filettino ITA"]
[Date "1994.01.20"]
[Round "8"]
[White "Rossi, Carlo"]
[Black "Marinelli, Tullio"]
[Result "0-1"]
[WhiteElo "2345"]
[BlackElo "2370"]
[PlyCount "68"]
[EventDate "1994.01.13"]

1. e4 c5 2. Nc3 d6 3. f4 Nc6 4. Nf3 g6 5. Bc4 Bg7 6. O-O e6 7. d3 Nge7 8. Qe1
Nd4 9. Nxd4 Bxd4+ 10. Kh1 O-O 11. f5 d5 12. exd5 Nxf5 13. dxe6 Bxe6 14. Bxe6
fxe6 15. g4 Bxc3 16. bxc3 Qd5+ 17. Kg1 Nd6 18. Bf4 c4 19. Qe3 Rae8 20. Be5 Nf7
21. Bf6 e5 22. Rf2 cxd3 23. cxd3 e4 24. d4 Nd6 25. Raf1 Rf7 26. Be5 Rxf2 27.
Qxf2 Nc4 28. Bg3 b5 29. Qf4 e3 30. Be1 Nb2 31. Bh4 e2 32. Rb1 Nd3 33. Qc7 e1=Q+
34. Rxe1 Nxe1 0-1

[Event "LIII C.to Italiano"]
[Site "Filettino ITA"]
[Date "1994.01.21"]
[Round "9"]
[White "Contin, Daniel"]
[Black "Godena, Michele"]
[Result "0-1"]
[WhiteElo "2420"]
[BlackElo "2480"]
[PlyCount "78"]
[EventDate "1994.01.13"]

1. c4 g6 2. g3 Bg7 3. Bg2 d6 4. Nc3 f5 5. d3 Nf6 6. Rb1 O-O 7. b4 e5 8. Nf3 Kh8
9. Bd2 h6 10. c5 Nc6 11. b5 Ne7 12. b6 axb6 13. cxd6 cxd6 14. Qb3 Nc6 15. Qxb6
Qxb6 16. Rxb6 d5 17. Rxc6 bxc6 18. Nxe5 Kh7 19. Nxc6 Bb7 20. Nd4 Ne4 21. dxe4
Bxd4 22. exd5 Rfc8 23. Nb5 Rxa2 24. e3 Ba6 25. exd4 Bxb5 26. Bf3 Rcc2 27. Be2
Bxe2 28. Kxe2 Rxd2+ 29. Ke3 g5 30. d6 Re2+ 31. Kd3 Re6 32. Kc4 Rxd6 33. Kc5 Rd7
34. Rd1 Rc2+ 35. Kb5 Rd5+ 36. Kb4 Kg6 37. Kb3 Rc8 38. Kb4 Rd7 39. d5 Rb7+ 0-1

[Event "LIII C.to Italiano"]
[Site "Filettino ITA"]
[Date "1994.01.21"]
[Round "9"]
[White "Curione, Francesco"]
[Black "Rossi, Carlo"]
[Result "0-1"]
[WhiteElo "2195"]
[BlackElo "2345"]
[PlyCount "74"]
[EventDate "1994.01.13"]

1. e4 e5 2. Nf3 d6 3. d4 exd4 4. Nxd4 Nf6 5. Nc3 Be7 6. Bf4 O-O 7. Qd2 a6 8.
Be2 c5 9. Nb3 Nc6 10. O-O-O Be6 11. Bxd6 Bxb3 12. cxb3 Bxd6 13. Qxd6 Qa5 14.
Kb1 Rad8 15. Qg3 Rd4 16. Bd3 Rfd8 17. Bc2 g6 18. e5 Nh5 19. Qe3 Re8 20. Ne4 Nb4
21. a3 Nd5 22. Qh6 Rxe5 23. Rhe1 Qc7 24. g4 Nhf6 25. f4 Re7 26. Nxf6+ Nxf6 27.
Rxe7 Qxe7 28. Rxd4 cxd4 29. Qg5 Kg7 30. f5 Qe1+ 31. Ka2 Qe2 32. fxg6 hxg6 33.
Bf5 d3 34. Bxd3 Qxd3 35. h4 Qd5 36. Qf4 Qe4 37. Qc7 Nxg4 0-1

[Event "LIII C.to Italiano"]
[Site "Filettino ITA"]
[Date "1994.01.21"]
[Round "9"]
[White "Lucaroni, Massimiliano"]
[Black "Mantovani, Renzo"]
[Result "1-0"]
[WhiteElo "2290"]
[BlackElo "2360"]
[PlyCount "127"]
[EventDate "1994.01.13"]

1. e4 c5 2. Nc3 Nc6 3. Nf3 d6 4. d4 cxd4 5. Nxd4 Nf6 6. Be3 e5 7. Nf3 Be7 8.
Bc4 O-O 9. Bg5 Be6 10. Bb3 Rc8 11. O-O Na5 12. Bxf6 Bxf6 13. Nd5 Nc4 14. Rb1 b5
15. Qd3 Rc5 16. Ne3 Qc7 17. c3 g6 18. Rfe1 Rd8 19. h3 a5 20. Nd5 Rxd5 21. exd5
Bf5 22. Qe2 Bxb1 23. Rxb1 Rc8 24. Bxc4 bxc4 25. Nd2 Be7 26. b3 cxb3 27. Rxb3 a4
28. Ra3 Qc5 29. Rxa4 Qxd5 30. Ra7 Qe6 31. Qa6 Rxc3 32. Qb7 Bf8 33. Ne4 Rc1+ 34.
Kh2 h6 35. g3 Rc4 36. Kg2 Qf5 37. Nd2 Rd4 38. Nf3 Rd3 39. Ra8 d5 40. Nh4 Qe4+
41. Kh2 Rd2 42. Qb6 Qe2 43. Kg2 Qe4+ 44. Nf3 Kg7 45. Qb8 Rxf2+ 46. Kg1 Rf1+ 47.
Kxf1 Qxf3+ 48. Ke1 Qxg3+ 49. Kd1 Qd3+ 50. Ke1 Qc3+ 51. Ke2 Qc2+ 52. Kf1 Qd1+
53. Kg2 Qd2+ 54. Kg3 Qg5+ 55. Kh2 Qe7 56. a4 e4 57. Qxf8+ Qxf8 58. Rxf8 Kxf8
59. a5 Ke7 60. a6 d4 61. a7 d3 62. a8=Q f5 63. Qd5 Kf6 64. Qd6+ 1-0

[Event "LIII C.to Italiano"]
[Site "Filettino ITA"]
[Date "1994.01.21"]
[Round "9"]
[White "Marinelli, Tullio"]
[Black "Redo, Nicola"]
[Result "1/2-1/2"]
[WhiteElo "2370"]
[BlackElo "2210"]
[PlyCount "121"]
[EventDate "1994.01.13"]

1. d4 c5 2. d5 Qc7 3. c4 e5 4. e4 d6 5. Nc3 Nd7 6. Bd3 g6 7. Nge2 Bg7 8. O-O a6
9. h3 Ngf6 10. g4 h5 11. f3 hxg4 12. hxg4 Nh7 13. Kg2 Qd8 14. Rh1 Qf6 15. Be3
Ng5 16. Rxh8+ Bxh8 17. Ng1 Qe7 18. Qd2 Bf6 19. a3 Rb8 20. Rb1 Kf8 21. b4 b6 22.
Bc2 Qd8 23. Ba4 Nh7 24. Nh3 Kg8 25. Bc6 Qc7 26. Na4 Be7 27. Nf2 Ndf6 28. Qb2
Nd7 29. Nd3 Nhf8 30. Nc3 Qd8 31. Rh1 Bg5 32. Bf2 Qf6 33. Ne2 Qe7 34. Ng3 Qf6
35. Qe2 Qg7 36. Rb1 Qf6 37. Be1 Qd8 38. Nf1 Nh7 39. Qb2 Nhf8 40. Bc3 Qe7 41.
Qe2 Bf6 42. Ng3 Bg5 43. Ba1 Bf6 44. Rh1 Bg7 45. Qd2 Bf6 46. Qh6 Bg7 47. Qh3 Nf6
48. Bc3 N6h7 49. Rb1 Qc7 50. Bd2 Bf6 51. Qh6 Bd7 52. Bxd7 Nxd7 53. b5 a5 54.
Rh1 Ndf8 55. g5 Bg7 56. Qh4 f6 57. Nf2 fxg5 58. Bxg5 Nxg5 59. Qxg5 Qd8 60. Qe3
Bf6 61. Ng4 1/2-1/2

[Event "LIII C.to Italiano"]
[Site "Filettino ITA"]
[Date "1994.01.21"]
[Round "9"]
[White "Passerotti, Pierluigi"]
[Black "Borgo, Giulio"]
[Result "0-1"]
[WhiteElo "2330"]
[BlackElo "2350"]
[PlyCount "68"]
[EventDate "1994.01.13"]

1. c4 Nf6 2. Nc3 c5 3. Nf3 d5 4. cxd5 Nxd5 5. e4 Nb4 6. Bc4 Nd3+ 7. Ke2 Nf4+ 8.
Kf1 Ne6 9. Ne5 Qd6 10. f4 Nc6 11. Qa4 Bd7 12. Nb5 Qb8 13. Nxd7 Qxf4+ 14. Kg1
Qxe4 15. Nc7+ Kd8 16. Nxe6+ fxe6 17. Nxc5 Qd4+ 18. Kf1 Qxc5 19. d4 Qf5+ 20. Kg1
Qe4 21. Bd2 Qxd4+ 22. Kf1 Kc7 23. Rd1 Qf6+ 24. Ke1 Qh4+ 25. g3 Qe4+ 26. Kf2
Qf5+ 27. Bf4+ e5 28. Rd5 e6 29. Rxe5 Nxe5 30. Qa5+ Kc8 31. Bxe6+ Qxe6 32. Rc1+
Kd7 33. Rc7+ Ke8 34. Bxe5 Qb6+ 0-1

[Event "LIII C.to Italiano"]
[Site "Filettino ITA"]
[Date "1994.01.22"]
[Round "10"]
[White "Arlandi, Ennio"]
[Black "Contin, Daniel"]
[Result "1/2-1/2"]
[WhiteElo "2430"]
[BlackElo "2420"]
[PlyCount "30"]
[EventDate "1994.01.13"]

1. d4 e6 2. c4 Nf6 3. Nc3 Bb4 4. Qc2 O-O 5. a3 Bxc3+ 6. Qxc3 b6 7. Bg5 c5 8.
dxc5 bxc5 9. e3 Nc6 10. Nf3 Rb8 11. Nd2 h6 12. Bf4 d6 13. Be2 e5 14. Bg3 Qe7
15. O-O Bg4 1/2-1/2

[Event "LIII C.to Italiano"]
[Site "Filettino ITA"]
[Date "1994.01.22"]
[Round "10"]
[White "Godena, Michele"]
[Black "Lucaroni, Massimiliano"]
[Result "1-0"]
[WhiteElo "2480"]
[BlackElo "2290"]
[PlyCount "57"]
[EventDate "1994.01.13"]

1. e4 e5 2. Nf3 Nc6 3. Bb5 Bb4 4. c3 Ba5 5. Na3 Bb6 6. Nc4 f6 7. d4 exd4 8.
cxd4 d5 9. exd5 Qxd5 10. Qe2+ Nge7 11. Nxb6 axb6 12. Bf4 Qe6 13. Bxc7 Nd5 14.
Bd6 Kf7 15. Qxe6+ Bxe6 16. O-O Rhd8 17. Ba3 Nc7 18. Be2 Nxd4 19. Nxd4 Rxd4 20.
Rfc1 Rd7 21. Rc2 Rad8 22. Rac1 Ne8 23. b3 Rd2 24. Bb4 Rxc2 25. Rxc2 Rd4 26. Be1
Bf5 27. Rd2 Re4 28. f3 Re7 29. Bf2 1-0

[Event "LIII C.to Italiano"]
[Site "Filettino ITA"]
[Date "1994.01.22"]
[Round "10"]
[White "Mantovani, Renzo"]
[Black "Passerotti, Pierluigi"]
[Result "1-0"]
[WhiteElo "2360"]
[BlackElo "2330"]
[PlyCount "64"]
[EventDate "1994.01.13"]

1. d4 Nf6 2. Nf3 g6 3. Bf4 Bg7 4. Nbd2 d6 5. e4 O-O 6. h3 Nc6 7. c3 Qe8 8. Be2
e5 9. dxe5 dxe5 10. Bh2 Be6 11. O-O Rd8 12. Qc2 Nh5 13. Rfe1 Bh6 14. Bb5 Nf4
15. Nc4 f6 16. Na5 Nb4 17. Qa4 c6 18. Bxf4 cxb5 19. Qxb4 Bxf4 20. Nxb7 Rd3 21.
Rad1 a5 22. Qxa5 Rxd1 23. Rxd1 Qc8 24. Nd6 Qd7 25. Qxb5 Rd8 26. Qxd7 Rxd7 27.
b3 f5 28. g3 fxe4 29. gxf4 exf3 30. fxe5 Bxh3 31. Kh2 Be6 32. Kg3 Kf8 1-0

[Event "LIII C.to Italiano"]
[Site "Filettino ITA"]
[Date "1994.01.22"]
[Round "10"]
[White "Marinelli, Tullio"]
[Black "Curione, Francesco"]
[Result "1-0"]
[WhiteElo "2370"]
[BlackElo "2195"]
[PlyCount "43"]
[EventDate "1994.01.13"]

1. d4 Nf6 2. c4 g6 3. Nc3 Bg7 4. e4 d6 5. f3 O-O 6. Be3 Nbd7 7. Qd2 c5 8. Nh3
a6 9. Nf2 Qa5 10. Be2 Rb8 11. dxc5 dxc5 12. O-O Re8 13. f4 e5 14. f5 b5 15. g4
Rd8 16. Rad1 b4 17. Nd5 Nxd5 18. exd5 gxf5 19. gxf5 Nf6 20. Bh6 Bxf5 21. Bxg7
Kxg7 22. Ng4 1-0